Score 0/20 Timer 03:00
0 Plays Today
Scramble Answer % Correct
LADSAL WOBCOYSDallas Cowboys
95.4%
WEN ELNGNAD STAPTROINew England Patriots
95.4%
WEN KROY TANSIGNew York Giants
94.6%
AMIMI LODIHNPSMiami Dolphins
94.2%
ICHACOG WEITH XOSChicago White Sox
91.9%
NAS TAONION SURPSSan Antonio Spurs
90.6%
THOUSON NEXATSHouston Texans
89.4%
NAS GODIE DRAPESSan Diego Padres
88.5%
ANSAKS TYCI YROASLKansas City Royals
87.3%
ROONALD GAMCIOrlando Magic
76.9%
Scramble Answer % Correct
LETTEAS RAMRENISSeattle Mariners
76.8%
KOADANL THLETCISAOakland Athletics
76.3%
KOALMOAH TYCI HUNREDTOklahoma City Thunder
71.5%
OTONORT PARROTSToronto Raptors
70.3%
ZARINAO DARLCINASArizona Cardinals
66.7%
PEMMSHI ZRIZGEILSMemphis Grizzlies
64.3%
FALOFBU BASSERBuffalo Sabres
62.2%
CAURVONEV SACKCUNVancouver Canucks
61.3%
LOGNED ETAST RAWRISORGolden State Warriors
59.2%
MONTONED LERSOIEdmonton Oilers
43.4%
Remove Ads.
Support Sporcle.
Get the best of Sporcle when you Go Orange. This ad-free experience offers more features, more stats, and more fun while also helping to support Sporcle. Thank you for becoming a member.

You're not logged in!

Compare scores with friends on all Sporcle quizzes.
OR
Log In

Show Comments

Extras

Top Quizzes Today


Score Distribution

Your Account Isn't Verified!

In order to create a playlist on Sporcle, you need to verify the email address you used during registration. Go to your Sporcle Settings to finish the process.

Report this User

Report this user for behavior that violates our Community Guidelines.

Details: